| 000 | 00744cam a2200265 a 4500 | ||
|---|---|---|---|
| 001 | 13072168 | ||
| 003 | ARRUPE | ||
| 005 | 20220511093112.0 | ||
| 008 | 021106s1996 bl b 000 0 por | ||
| 010 | _a 2002370403 | ||
| 020 | _a8573020954 | ||
| 035 | _a2002370403 | ||
| 040 |
_aDLC _cDLC |
||
| 042 | _alcode | ||
| 050 | 0 | 0 |
_aPQ9698.13.O3546 _bM66 1996 |
| 100 | 1 |
_aCoelho, Paulo. _914925 |
|
| 245 | 1 | 2 |
_aO Monte Cinco / _cPaulo Coelho. |
| 250 | _aNova ed. | ||
| 260 |
_aRio de Janeiro, RJ : _bObjetiva, _cc1996. |
||
| 300 |
_a185, [2] p. ; _c22 cm. |
||
| 504 | _aIncludes bibliographical references (p. [187]). | ||
| 906 |
_a7 _bcbc _corigode _d3 _encip _f20 _gy-gencatlg |
||
| 942 |
_2lcc _cMONOGRAPH |
||
| 999 |
_c131412 _d131412 |
||